| 000 | 01081nam a22002417a 4500 | ||
|---|---|---|---|
| 001 | 6712 | ||
| 003 | FISKH | ||
| 005 | 20250521145416.0 | ||
| 008 | 250521b cb ||||| |||| 00| 0 eng d | ||
| 020 | _a9780547727387 | ||
| 040 |
_aFISKH _beng _cFISKH _dFISKH |
||
| 050 | _aQL49 .J456 | ||
| 082 | _a591.563 | ||
| 100 | _aJenkins, Steve | ||
| 245 |
_aSisters and brothers: _bSibling relationships in the animal world / |
||
| 260 |
_aNew York : _bHoughton Mifflin Harcourt, _c2008. |
||
| 300 |
_a32 unnumbered pages : _bcolor illustrations ; _c26 cm |
||
| 520 | _aPeregrine falcons learn to hunt by practicing with their sisters and brothers. Elephant sisters babysit their younger siblings. Hyena brothers often fight to the death, but wild turkey brothers stay together for life. The giant anteater is an only child, while termites may have millions of siblings! Find out more about these animal brothers and sisters -- and many others -- inside this book. | ||
| 650 |
_aAnimals _vInformational |
||
| 700 |
_aPage, Robin _eAuthor |
||
| 942 |
_2ddc _cBK _n0 |
||
| 999 |
_c6712 _d6712 |
||